000 01160nam a22003617a 4500
003 CHAP
005 20220817041954.0
008 971013s1979 r 00010 d
010 _a30507
011 _a31479
035 _a35591
040 _cCHAP
082 _a633.7016
_bC6
100 0 0 _aCorrea, María Pinheiro Fernandez.
_928239
245 _aGuaraná
_b: resumos informativos
260 _aBrasilia :
_bEMBRAPA,
_c1979
300 _a91 p.
490 _aResumo informativos
_v; 11
590 _aBATCH-UPD
_b10
_c20130110
_lUCH01
_h0057
590 _aBATCH-UPD
_b10
_c20130110
_lUCH01
_h2149
590 _aBATCH-UPD
_b10
_c20130410
_lUCH01
_h1457
590 _aBATCH-UPD
_b10
_c20130914
_lUCH01
_h1104
590 _aCONVERSION
_b10
_c20130109
_lUCH01
_h1317
650 1 4 _aFruticultura
_xBibliografía.
_943702
650 1 4 _aPaullinia cupana.
_986277
700 0 _aPinto, Aloizio de Arruda.
_988299
700 0 _aSantos, Walda Correa dos.
_9102552
710 0 _aEmpresa Brasileira de Pesquisa Agropecuaria.
830 0 _aResumo informativos
_v; 11
_996180
901 _aBK
942 _cLIBRO
949 _a633.7016 C6
_bBC
_cC
_d33724000654083
_eC
_i35591
_mD
_si
999 _c30507
_d30507